000 01437cam a2200361 a 4500
999 _c16959
_d16959
001 12179797
003 OSt
005 20180721105354.0
008 000920s1999 enk b 000 0 eng d
010 _a 00693283
015 _aGB99-X5532
020 _a1853394750
035 _a(OCoLC)ocm41465627
040 _aSEKU
_dDLC
042 _alccopycat
050 0 0 _aHQ777
_b.B245 2000
082 0 0 _a305.23
_221
100 1 _aBarker, Gary
_q(Gary Thomas)
245 1 0 _aUrban girls :
_bempowerment in especially difficult circumstances /
_cGary Barker and Felicia Knaul with Neide Cassaniga and Anita Schrader.
260 _aLondon :
_bIntermediate Technology,
_c2000.
300 _a135 p. ;
_c23 cm.
504 _aIncludes bibliographical references.
650 0 _aGirls
_xSocial conditions.
650 0 _aUrban women
_xSocial conditions.
650 0 _aYoung women
_xSocial conditions.
700 1 _aKnaul, Felicia Marie.
700 1 _aCassaniga, Neide.
856 4 2 _3Publisher description
_uhttp://www.loc.gov/catdir/enhancements/fy1115/00693283-d.html
856 4 1 _3Table of contents only
_uhttp://www.loc.gov/catdir/enhancements/fy1115/00693283-t.html
906 _a7
_bcbc
_ccopycat
_d2
_encip
_f20
_gy-gencatlg
942 _2lcc
_cGEN